Lengua y literatura iii /
Guardado en:
| Autor Principal: | |
|---|---|
| Formato: | Libro |
| Publicado: |
Buenos Aires :
Docencia,
1981
|
| Edición: | 3 |
| Materias: | |
| Etiquetas: |
Agregar Etiqueta
Sin Etiquetas, Sea el primero en etiquetar este registro!
|
| LEADER | 00512nam a22001935a 4500 | ||
|---|---|---|---|
| 001 | CEM.cems004830 | ||
| 005 | 20060217000000.0 | ||
| 008 | 130507s1981##################000#0#####d | ||
| 003 | CEMS | ||
| 082 | 0 | 4 | |a 468 |
| 100 | 1 | |a Pacho García, Sebastián | |
| 245 | 1 | 0 | |a Lengua y literatura iii / |
| 250 | |a 3 | ||
| 260 | |a Buenos Aires : |b Docencia, |c 1981 | ||
| 300 | |a 70 | ||
| 653 | |a Lengua y literatura | ||
| 653 | |a Oracion compuesta | ||
| 653 | |a Texto | ||
| 859 | |a CEMS |b BIB. CEMS - 11 de abril |h 468 |i P171a3/III |p 12823.83 |t Ej.1 | ||
